003230000a22001210004500060000800000082002600008100002000034245003900054260002500093260000900118300000800127650006600135 a100 a338. 900917 1241 BAI aBailey, Richard aPromoting commonwealth development aHutchinson of london c1970 a233 aCommon wealth development/developing economics- common wealth